Search the Library Catalogue
| 000 -LEADER | |
|---|---|
| fixed length control field | 00806nam a2200265Ia 4500 |
| 003 - CONTROL NUMBER IDENTIFIER | |
| control field | OSt |
| 005 - DATE AND TIME OF LATEST TRANSACTION | |
| control field | 20250813125126.0 |
| 008 - FIXED-LENGTH DATA ELEMENTS--GENERAL INFORMATION | |
| fixed length control field | 191130s2009##################000#0#eng## |
| 020 ## - INTERNATIONAL STANDARD BOOK NUMBER | |
| International Standard Book Number | 9780755344192 |
| 022 ## - INTERNATIONAL STANDARD SERIAL NUMBER | |
| International Standard Serial Number | 2010514040 |
| 040 ## - CATALOGING SOURCE | |
| Original cataloging agency | ACL |
| Transcribing agency | ACL |
| 082 ## - DEWEY DECIMAL CLASSIFICATION NUMBER | |
| Classification number | 823.914 JEC |
| 100 ## - MAIN ENTRY--PERSONAL NAME | |
| Personal name | Jecks, Michael |
| 245 ## - TITLE STATEMENT | |
| Title | No law in the land |
| Statement of responsibility, etc. | Michael Jecks |
| 260 ## - PUBLICATION, DISTRIBUTION, ETC. | |
| Place of publication, distribution, etc. | London |
| Name of publisher, distributor, etc. | Headline |
| Date of publication, distribution, etc. | 2009 |
| 300 ## - PHYSICAL DESCRIPTION | |
| Extent | xvii, 460 p. : map ; 20 cm |
| 650 ## - SUBJECT ADDED ENTRY--TOPICAL TERM | |
| Topical term or geographic name entry element | Furnshill, Baldwin, Sir (Fictitious character) - Fiction |
| Topical term or geographic name entry element | Great Britain - History - Edward II, 1307-1327 - Fiction |
| Topical term or geographic name entry element | Puttock, Simon (Fictitious character) - Fiction |
| Topical term or geographic name entry element | West Country (England) - Fiction |
| 856 ## - ELECTRONIC LOCATION AND ACCESS | |
| Materials specified | pbk |
| 942 ## - ADDED ENTRY ELEMENTS (KOHA) | |
| Source of classification or shelving scheme | Dewey Decimal Classification |
| Koha item type | English Books |
| 990 ## - EQUIVALENCES OR CROSS-REFERENCES [LOCAL, CANADA] | |
| Link information for 9XX fields | 18789f8aac10000c47e92bc1dd8dfd62 |
| Withdrawn status | Lost status | Source of classification or shelving scheme | Materials specified (bound volume or other part) | Damaged status | Not for loan | Home library | Current library | Shelving location | Date acquired | Total Checkouts | Full call number | Barcode | Date last seen | Price effective from | Koha item type |
|---|---|---|---|---|---|---|---|---|---|---|---|---|---|---|---|
| Dewey Decimal Classification | pbk | Anna Centenary Library | Anna Centenary Library | 4TH FLOOR, B WING | 09.10.2020 | 823.914 JEC | 362886 | 09.10.2020 | 09.10.2020 | English Books |